00587nam a2200193Ia 4500008004100000020001300041082001400054100001700068245002500085250000700110260003600117300002400153500000700177600002100184650005000205942000700255952011600262999001500378240925s9999 xx 000 0 und d a70335613 a004.68KEI aKeiser, Gerd 0aLocal Area Networks  aNA aNew York:bMc Graw HIllc,1989. a731p.bNAfOriginal aNA aComputer Science aComputer science, information & general works cBK 001040708CSaUITUbUITUd2007-01-16eF.B.Cg325.00l0o004.68KEIpQ6805r2024-09-25 07:14:22w2024-09-25yBK c9304d9304